• 首页
  • 本馆介绍
  • 公告通知
  • 最新文献
  • 馆藏检索
  • 电子资源
  • 读者导购
  • 参考咨询
  • 我的图书馆
  • 登录
  • 详细信息显示
  • 放入我的书架
  • 预约/预借图书
  • 作者相关作品
  • 分类相关作品
  • 丛书相关作品
  • 出版社相关作品

书目信息

  • 表格格式
  • 工作单格式
  • 卡片格式
题名:
柏拉图全集
    
 
作者: 柏拉图 著 ;王晓朝 译
分册: 6  
出版信息: 北京   人民出版社  2017.05
页数: 364页
开本: 23cm
丛书名:
单 册:
中图分类: B502.232
科图分类:
主题词: 古希腊罗马哲学
电子资源:
ISBN: 978-7-01-016857-9
000 01430nam0 2200277 450
001 0120172213084
005 20170908105537.43
010    @a978-7-01-016857-9@dCNY56.00
100    @a20170621d2017 em y0chiy50 ea
101 1  @achi@cgre
102    @aCN@b110000
105    @ay z 001yy
106    @ar
200 1  @a柏拉图全集@9bai la tu quan ji@h6@dPlatonis opera@h6@f(古希腊)柏拉图著@g王晓朝译@zeng
205    @a增订版
210    @a北京@c人民出版社@d2017.05
215    @a364页@d23cm
330    @a本书是《柏拉图全集》增订本第六册,本册包括国家篇(10卷)。译者除了对原译文进行逐字逐句的修改外,还做了较大改动有:(1)原版中各篇对话的提要译自伊迪丝·汉密尔顿所撰写的各篇对话短序。本次修订,所有提要均由译者根据本人的研究心得亲自撰写;(2)对柏拉图的疑伪之作16篇做了补译并全部收录;(3)专有名词(人名、地名、族名、神名)有少量改动和增添;哲学概念和术语的译名结合近年来的研究动态有改动,并以注释的方式说明旧译和新译的基本情况。(4)参照已有各种版本的柏拉图著作,重新修改了书中所有注释;(5)参考英文版柏拉图全集索引,重编修订版索引,增加希腊文对照;(6)将原来四卷本拆改为十本小册子,以解决全集篇幅过大问题,便于青年学生购买。
333    @a哲学研究者
510 1  @aPlatonis opera@h6@zeng
606 0  @a古希腊罗马哲学
690    @aB502.232@v5
701  0 @c(古希腊)@a柏拉图@9bai la tu@c(Platon@f公元前427-前345)@4著
702  0 @a王晓朝@9wang xiao zhao@4译
801  0 @aCN@b人天书店@c20170621
905    @b997590-95@dB502.232@e101:6=2@f6
    
    柏拉图全集.6=Platonis opera.6/(古希腊)柏拉图著/王晓朝译.-增订版.-北京:人民出版社,2017.05
    364页;23cm
    使用对象:哲学研究者
    
    ISBN 978-7-01-016857-9:CNY56.00
    本书是《柏拉图全集》增订本第六册,本册包括国家篇(10卷)。译者除了对原译文进行逐字逐句的修改外,还做了较大改动有:(1)原版中各篇对话的提要译自伊迪丝·汉密尔顿所撰写的各篇对话短序。本次修订,所有提要均由译者根据本人的研究心得亲自撰写;(2)对柏拉图的疑伪之作16篇做了补译并全部收录;(3)专有名词(人名、地名、族名、神名)有少量改动和增添;哲学概念和术语的译名结合近年来的研究动态有改动,并以注释的方式说明旧译和新译的基本情况。(4)参照已有各种版本的柏拉图著作,重新修改了书中所有注释;(5)参考英文版柏拉图全集索引,重编修订版索引,增加希腊文对照;(6)将原来四卷本拆改为十本小册子,以解决全集篇幅过大问题,便于青年学生购买。
●
相关链接 在E读中查询图书 在五车中查询图书 在当当中查询图书 在豆瓣中查询图书


正题名:柏拉图全集     索取号:B502.232/101:6=2         预约/预借

序号 登录号 条形码 馆藏地/架位号 状态 备注
1 997590   209975909   第一样本阅览室/ [索取号:B502.232/101:6=2] 在馆    
2 997591   209975918   密集书库-史法系/ [索取号:B502.232/101:6=2] 在馆    
3 997592   209975927   第一借阅区/ [索取号:B502.232/101:6=2] 在馆    
4 997593   209975936   第一借阅区/ [索取号:B502.232/101:6=2] 在馆    
5 997594   209975945   第一借阅区/ [索取号:B502.232/101:6=2] 在馆    
6 997595   209975954   第一借阅区/ [索取号:B502.232/101:6=2] 在馆    
唐山师范学院图书馆 欢迎您!
大连网信软件有限公司© 版权所有